ბათუმის შოთა რუსთაველის სახელმწიფო უნივერსიტეტის ბიბლიოთეკა

Academic encounters : (ბიბ.ჩანაწერი № 59058)

000 -LEADER
fixed length control field 00950cam a2200289 i 4500
001 - CONTROL NUMBER
control field 17639464
005 - DATE AND TIME OF LATEST TRANSACTION
control field 20221115123151.0
008 - FIXED-LENGTH DATA ELEMENTS--GENERAL INFORMATION
fixed length control field 130227s2013 enk 000 0 eng
010 ## - LIBRARY OF CONGRESS CONTROL NUMBER
LC control number 2013006350
020 ## - INTERNATIONAL STANDARD BOOK NUMBER
International Standard Book Number 9781107647916 (pbk. : level 2) X
020 ## - INTERNATIONAL STANDARD BOOK NUMBER
International Standard Book Number 9781107627222 (Teacher's manual : level 2) X
080 ## - UNIVERSAL DECIMAL CLASSIFICATION NUMBER
Universal Decimal Classification number 811.111.366 W-69
100 1# - MAIN ENTRY--PERSONAL NAME
Personal name Williams, Jessica,
Dates associated with a name 1957-
9 (RLIN) 15823
245 10 - TITLE STATEMENT
Title Academic encounters :
Remainder of title American studies : reading, writing /
Statement of responsibility, etc. Jessica Williams.
250 ## - EDITION STATEMENT
Edition statement Second edition.
264 #1 - PRODUCTION, PUBLICATION, DISTRIBUTION, MANUFACTURE, AND COPYRIGHT NOTICE
Place of production, publication, distribution, manufacture Cambridge :
Name of producer, publisher, distributor, manufacturer Cambridge University Press,
Date of production, publication, distribution, manufacture, or copyright notice [2013]
300 ## - PHYSICAL DESCRIPTION
Extent xvi, 208 pages :
Other physical details color illustrations ;
Dimensions 26 cm.
336 ## - CONTENT TYPE
Content type term text
Source rdacontent
337 ## - MEDIA TYPE
Media type term unmediated
Source rdamedia
338 ## - CARRIER TYPE
Carrier type term volume
Source rdacarrier
490 0# - SERIES STATEMENT
Series statement American encounters
653 ## - INDEX TERM--UNCONTROLLED
keyword ინგლისური ენა
653 ## - INDEX TERM--UNCONTROLLED
keyword English language
653 ## - INDEX TERM--UNCONTROLLED
keyword Academic writing
653 ## - INDEX TERM--UNCONTROLLED
keyword Study skills
942 ## - ADDED ENTRY ELEMENTS (KOHA)
Source of classification or shelving scheme
Koha item type წიგნი
ეგზემპლარები
Withdrawn status Lost status Source of classification or shelving scheme Damaged status Not for loan Permanent Location Current Location Shelving location Date acquired Cost, normal purchase price Full call number Barcode Date last seen Copy number Price effective from Koha item type Public note
          ბათუმის შოთა რუსთაველის სახელმწიფო უნივერსიტეტის მთავარი ბიბლიოთეკა ბათუმის შოთა რუსთაველის სახელმწიფო უნივერსიტეტის მთავარი ბიბლიოთეკა წიგნსაცავი 2022-11-15 32.00 811.11.366 W-69 63143( ნ.ქათამაძე ) 2022-11-15 63143 ( ნ.ქათამაძე ) 2022-11-15 წიგნი 32.00
          ბათუმის შოთა რუსთაველის სახელმწიფო უნივერსიტეტის მთავარი ბიბლიოთეკა ბათუმის შოთა რუსთაველის სახელმწიფო უნივერსიტეტის მთავარი ბიბლიოთეკა წიგნსაცავი 2024-07-25 174.00 811.111.366 W-69 68845 2024-07-25 68845 2024-07-25 წიგნი 174.00